000 03498nam a22004217a 4500
005 20100804112634.0
010 _aENG-98036 B-423927-940
020 _a9789380283975
_c295.00
035 _aEN-81569
035 _a B-423927-940
037 _bDBAD/PUB
037 _bResearchco Book Centre
082 _aS
100 _aCanfield, Jack
245 _aChicken soup for the soul like mother, like daughter :
_bstories about the special bond between mothers and daughters
_cby Jack canfield, Mark Victor Hansen [and] Amy Newmark
260 _aNew Delhi
_bWestland
_c2009
270 _a47, Brij Mohan Road, Darya Ganj
_bNew Delhi
_e110002
300 _axii,366p.
_c21cm (pbk)
700 _aHansen, Mark Victo
_95773
700 _aNewmark, Amy
_91026
942 _2ddc
_cEN
_hS
_mCAN
999 _c39132
_d39132